Angol tudós Szegeden
Elmentve itt :
| Dokumentumtípus: | Cikk |
|---|---|
| Megjelent: |
1964-05-31
|
| Sorozat: | Délmagyarország
|
| Kulcsszavak: | Kolosváry Gábor, Tudományos élet Szeged 1964 |
| Online Access: | http://dmarchiv.bibl.u-szeged.hu/36594 |
| LEADER | 00414nab a2200145 i 4500 | ||
|---|---|---|---|
| 001 | delm36594 | ||
| 005 | 20180927112816.0 | ||
| 008 | 180927s1964 hu o 0|| hun d | ||
| 040 | |a SZTE Délmagyarország Archívum |b hun | ||
| 041 | |a hun | ||
| 245 | 0 | 0 | |a Angol tudós Szegeden |h [elektronikus dokumentum] |
| 260 | |c 1964-05-31 | ||
| 300 | |a 11 | ||
| 490 | 0 | |a Délmagyarország | |
| 695 | |a Kolosváry Gábor, Tudományos élet Szeged 1964 | ||